Keralathile vanangal noottandukaliloote (Kerala forest through centureis) (Record no. 40557)

MARC details
000 -LEADER
fixed length control field 00361nam a2200121Ia 4500
082 ## - DEWEY DECIMAL CLASSIFICATION NUMBER
Classification number 630(548.3)
Item number KAR
100 ## - MAIN ENTRY--AUTHOR NAME
Personal name Karunakaran, C K
245 #0 - TITLE STATEMENT
Title Keralathile vanangal noottandukaliloote (Kerala forest through centureis)
250 ## - EDITION STATEMENT
Edition statement Ed.4
260 ## - PUBLICATION, DISTRIBUTION, ETC. (IMPRINT)
Place of publication Trivandrum
Name of publisher Kerala Bhasha Institute
Year of publication 1992
942 ## - ADDED ENTRY ELEMENTS (KOHA)
Koha item type Books
Holdings
Withdrawn status Lost status Damaged status Not for loan Home library Current library Date acquired Cost, normal purchase price Full call number Accession Number Koha item type
        RRII Library RRII Library 16/12/2021 26.00 630(548.3) KAR 20856 Books